[Event "Leverkusen-ch op"]
[Site "Leverkusen"]
[Date "2007.01.22"]
[Round "2"]
[White "Liebsch, Felix"]
[Black "Witte, Volker"]
[Result "0-1"]
[WhiteElo "996"]
[BlackElo "1644"]
[PlyCount "62"]
[EventDate "2007.01.08"]
[EventType "swiss"]
[EventRounds "7"]
[EventCountry "GER"]
[SourceTitle "EXT 2008"]
[Source "ChessBase"]
[SourceDate "2007.11.25"]
[SourceVersion "1"]
[SourceVersionDate "2007.11.25"]
[SourceQuality "1"]

1. e4 c6 2. d4 d5 3. e5 Bf5 4. Nf3 e6 5. h3 h6 6. Bd3 Bxd3 7. Qxd3 Nd7 8. 0-0 Qb6 9. c3 c5 10. dxc5 Bxc5 11. Qe2 Ne7 12. Nbd2 Ng6 13. Nb3 Be7 14. Be3 Qc7 15. Bd4 Nf4 16. Qc2 g5 17. Kh2 Ng6 18. Rfe1 h5 19. Kg1 g4 20. hxg4 hxg4 21. Nh2 Ngxe5 22. Nxg4 Nxg4 23. Bxh8 Qh2+ 24. Kf1 Qxh8 25. Ke2 Qh2 26. Rg1 Qe5+ 27. Kd1 Qf4 28. Ke1 Nc5 29. Nd4 Nxf2 30. Rf1 Qe3+ 31. Ne2 Ncd3+ 0-1

[Event "Leverkusen-ch op"]
[Site "Leverkusen"]
[Date "2007.01.08"]
[Round "1"]
[White "Witte, Volker"]
[Black "Weiler, Wolfgang"]
[Result "0-1"]
[WhiteElo "1644"]
[BlackElo "2149"]
[PlyCount "122"]
[EventDate "2007.01.08"]
[EventType "swiss"]
[EventRounds "7"]
[EventCountry "GER"]
[SourceTitle "EXT 2008"]
[Source "ChessBase"]
[SourceDate "2007.11.25"]
[SourceVersion "1"]
[SourceVersionDate "2007.11.25"]
[SourceQuality "1"]

1. d4 Nf6 2. c4 c5 3. d5 b5 4. Nf3 Bb7 5. Nbd2 Qa5 6. Qc2 g6 7. e4 d6 8. Bd3 a6 9. 0-0 Nbd7 10. Nb3 Qb6 11. Bd2 b4 12. a3 a5 13. axb4 axb4 14. Rxa8+ Bxa8 15. Ra1 Qb8 16. Nh4 Bg7 17. f4 0-0 18. Be2 e6 19. Rf1 exd5 20. exd5 Re8 21. Bd3 Qd8 22. Nf3 Ng4 23. Qc1 f5 24. h3 Ngf6 25. Ng5 Nf8 26. Re1 h6 27. Rxe8 Qxe8 28. Nf3 Ne4 29. Qc2 Nxd2 30. Qxd2 Qa4 31. Bc2 Bxb2 32. Kh2 Bc3 33. Qe2 Qd7 34. Qe3 Bf6 35. g3 Qe7 36. Qxe7 Bxe7 37. g4 fxg4 38. hxg4 Kf7 39. Kg3 Bd8 40. Nfd2 Bb7 41. Ne4 Bc7 42. Na5 Bc8 43. Nc6 Bd7 44. Ba4 Bxc6 45. Bxc6 b3 46. Ba4 b2 47. Bc2 Nd7 48. Nc3 Nb6 49. Bd3 Bd8 50. Nb1 g5 51. f5 Kf6 52. Kf3 Ke5 53. Ke3 Na4 54. Bc2 Nb6 55. Bd3 Nd7 56. Nc3 Nf6 57. Be2 Ba5 58. Nb1 Bb4 59. Bf3 Be1 60. Na3 Bc3 61. Nb1 Bd4+ 0-1

[Event "Troisdorf op"]
[Site "Troisdorf"]
[Date "2006.10.31"]
[Round "2"]
[White "Raupach, Birgit"]
[Black "Witte, Volker"]
[Result "0-1"]
[WhiteElo "1070"]
[BlackElo "1634"]
[PlyCount "26"]
[EventDate "2006.10.24"]
[EventType "swiss"]
[EventRounds "7"]
[EventCountry "GER"]
[SourceTitle "EXT 2011"]
[Source "ChessBase"]
[SourceDate "2010.11.26"]
[SourceVersion "1"]
[SourceVersionDate "2010.11.26"]
[SourceQuality "1"]

1. d4 Nf6 2. Nf3 g6 3. e3 Bg7 4. Be2 0-0 5. 0-0 d6 6. c4 Bf5 7. Nc3 Nbd7 8. d5 Nc5 9. Qd4 Nfe4 10. Qd1 Nxc3 11. bxc3 Bxc3 12. Bb2 Bxb2 13. Bd3 Bxd3 0-1